000 00384 a2200145 4500
999 _c7785
_d7785
020 _a9780007328123
050 _aHF 5549.5 SAL 2010
100 _aSalter, Heather
_eauthor
245 _aInterview secrets
_cHeather Salter
264 _aLondon :
_bHarper Collins
_c2010
300 _a128p.:
500 _aText
650 _aEmployment interviewing.
942 _2lcc
_cBK
_h5549.5
_iSAL
_kHF